| 000 | 00776nam a2200217 a 4500 | ||
|---|---|---|---|
| 001 | 000013305 | ||
| 005 | 20240412074238.0 | ||
| 008 | 091123s1999 dr 000 i spa d | ||
| 040 |
_aDO-SdBNP _bspa _cBNPHU |
||
| 082 |
_aRD866.44 _bH671p |
||
| 100 | 1 |
_aHirujo, Felix, _d1954- _925316 |
|
| 245 | 1 | 0 |
_aPara ser poeta de el reino de las flores y los pecesitos de colores / _cFelix Hirujo ; cuidado de edición Ricardo Saturría Díaz. |
| 260 |
_aSanto Domingo : _bLas Américas, _c1999. |
||
| 300 |
_a103 p. ; _c22 cm. |
||
| 500 | _aIncluye datos biográficos del autor en las solapas. | ||
| 650 | 4 |
_aCartas dominicanas _914827 |
|
| 650 | 0 |
_aLiteratura dominicana. _967 |
|
| 650 | 0 |
_aPoesía dominicana _966 |
|
| 700 | 1 |
_aSaturría Díaz, Ricardo, _eed. _925317 |
|
| 049 | _aBNPD | ||
| 999 |
_c12935 _d12935 |
||